|
|
|
|
| LEADER |
00000nab a2200000 a 4500 |
| 001 |
vtls000766768 |
| 003 |
SK-MaSNL |
| 005 |
20260304125729.0 |
| 008 |
250429c2001 xo 0 slo |
| 015 |
|
|
|a SNBRB2001/09-25440
|
| 035 |
|
|
|a CLN000118555
|
| 035 |
|
|
|a urn:nbn:sk:snk-ab2vus
|
| 035 |
|
|
|a (urnnbn)urn:nbn:sk:snk:ar-a030gt
|
| 035 |
|
|
|a (uuid)fd52c377-7dd7-4009-91c2-e6a4d0e734bd
|
| 040 |
|
|
|a SNKBUCL
|b slo
|c SNKBUCL
|e AACR2
|
| 041 |
0 |
|
|a slo
|
| 044 |
|
|
|a xo
|c SK
|
| 080 |
|
|
|a 908.437.6
|2 1997
|
| 080 |
|
|
|a 93/94
|2 2011
|
| 080 |
|
|
|a 338.48
|2 2011
|
| 100 |
1 |
|
|a Bohuš, Ivan,
|d 1924-2018
|4 aut
|9 174062
|
| 245 |
1 |
0 |
|a Tatranské osady
|n 6.
|p Tatranská a Nová Polianka
|c Ivan Bohuš
|
| 246 |
3 |
0 |
|a Tatranská a Nová Polianka
|
| 300 |
|
|
|b Fotogr.
|
| 650 |
0 |
7 |
|a osady
|2 snkbucl
|9 400193
|
| 650 |
0 |
7 |
|a dejiny
|2 SNKPH
|9 3825
|
| 650 |
0 |
7 |
|a cestovný ruch
|2 SNKPH
|9 999
|
| 651 |
|
7 |
|a Vysoké Tatry (Poľsko a Slovensko : pohorie)
|2 SNKPHgeo
|9 67729
|
| 651 |
|
7 |
|a Tatranská Polianka (Vysoké Tatry, Slovensko)
|2 snkbucl
|9 160916
|
| 651 |
|
7 |
|a Nová Polianka (Vysoké Tatry, Slovensko)
|2 snkbucl
|9 56744
|
| 655 |
|
7 |
|a články z novín a časopisov
|2 snkbucl
|9 267496
|
| 773 |
0 |
|
|t Krásy Slovenska
|g Roč. 78, č. 5-6 (2001), s. 26
|x 0323-0643
|
| 850 |
|
|
|a Slovenská národná knižnica
|
| 852 |
|
|
|a Slovenská národná knižnica
|
| 954 |
|
|
|a odborná, vedecká literatúra pôvodná (slovenská)
|2 lita
|
| 958 |
|
|
|a article27
|
| 958 |
|
|
|a OND
|
| 958 |
|
|
|a EUIPO
|
| 992 |
|
|
|a RBX
|
| 999 |
|
|
|c 2894591
|d 2896521
|